| 000 | 00516nam a2200181Ia 4500 | ||
|---|---|---|---|
| 005 | 20250508163354.0 | ||
| 008 | 008 250505s9999 xx 000 0 eng d | ||
| 037 | _aBooks to be hide in OPAC | ||
| 040 |
_aFEDL _beng _cFEDL |
||
| 041 |
_aeng _2eng |
||
| 084 |
_a372, NEH/O _qFEDL |
||
| 100 | _aNehru Jawaharlal | ||
| 245 | 0 | _aLetters from a father to his daughter | |
| 260 |
_aLondon, UK _bOxford University Press _c1930 |
||
| 300 | _a75p. | ||
| 942 |
_cHB _h372, NEH/O |
||
| 999 |
_c1382632 _d1382632 |
||